Alternativas al neoliberalismo y bloque popular; reseña /
Es una reseña sobre la obra de Francisco Hidalgo Flor que recopila una serie de sus ensayos y artículos escritos entre 1997 y 2000. Analiza las consecuencias de la aplicación del modelo neoliberal en Ecuador y las motivaciones para la destacada respuesta popular de protestas y propuestas que se han...
Saved in:
| Main Author: | |
|---|---|
| Format: | Text |
| Subjects: | |
| Tags: |
Add Tag
No Tags, Be the first to tag this record!
|
MARC
| LEADER | 00000 a a2200000 04500 | ||
|---|---|---|---|
| 001 | 15356 | ||
| 003 | |||
| 040 | |||
| 100 | |a Hidalgo Flor, Francisco | ||
| 245 | |a Alternativas al neoliberalismo y bloque popular; reseña / |c Francisco Hidalgo Flor | ||
| 520 | |a Es una reseña sobre la obra de Francisco Hidalgo Flor que recopila una serie de sus ensayos y artículos escritos entre 1997 y 2000. Analiza las consecuencias de la aplicación del modelo neoliberal en Ecuador y las motivaciones para la destacada respuesta popular de protestas y propuestas que se han expresado en este país durante el período descrito, en los denominados levantamientos populares. REV/LCL | ||
| 650 | |a PUB.IIS | ||
| 650 | |a GOBIERNO | ||
| 650 | |a MOVIMIENTOS SOCIALES | ||
| 650 | |a SISTEMAS POLITICOS | ||
| 650 | |a COMENTARIOS | ||
| 773 | |g volumen 42, número 88 (2); páginas 165-166 | ||
| 999 | |c 39203 |d 39203 | ||
| 773 | 0 | |0 18728 |9 3049 |a Universidad de Costa Rica |d San José, Costa Rica Editorial UCR 1956- |o 18176 |t Revista de Ciencias Sociales/ |x 04825276 | |
